[Event "ODJM A 2025"]
[Site "Willingen GER"]
[Date "2025.06.14"]
[Round "9"]
[White "Kliashtornyi, Arkadii"]
[Black "Meiwes, Thore"]
[Result "1-0"]
[Termination "normal"]
[Board "3"]
[WhiteElo "2194"]
[BlackElo "2139"]
[WhiteClock "00:27:49"]
[BlackClock "00:33:20"]
[PlyCount "89"]
[WhiteFideId "34119698"]
[BlackFideId "16201256"]
[EventCountry "GER"]
[EventRounds "9"]
[EventType "swiss"]
[EventDate "2025.06.07"]

1. d4 {[%clk 01:30:57]} {[%emt 00:00:04]} Nf6 {[%clk 01:30:57]} {[%emt
00:00:04]} 2. c4 {[%clk 01:31:15]} {[%emt 00:00:11]} e6 {[%clk 01:31:20]}
{[%emt 00:00:07]} 3. Nc3 {[%clk 01:31:40]} {[%emt 00:00:06]} Bb4 {[%clk
01:31:45]} {[%emt 00:00:04]} 4. e3 {[%clk 01:32:01]} {[%emt 00:00:10]} O-O
{[%clk 01:32:00]} {[%emt 00:00:13]} 5. Bd3 {[%clk 01:32:18]} {[%emt 00:00:15]}
d5 {[%clk 01:31:56]} {[%emt 00:00:33]} 6. Nf3 {[%clk 01:32:17]} {[%emt
00:00:30]} b6 {[%clk 01:29:31]} {[%emt 00:02:56]} 7. cxd5 {[%clk 01:32:24]}
{[%emt 00:00:22]} exd5 {[%clk 01:29:53]} {[%emt 00:00:08]} 8. O-O {[%clk
01:32:51]} {[%emt 00:00:04]} Bb7 {[%clk 01:29:32]} {[%emt 00:00:50]} 9. Ne5
{[%clk 01:32:05]} {[%emt 00:01:16]} Bd6 {[%clk 01:28:03]} {[%emt 00:01:59]} 10.
f4 {[%clk 01:28:44]} {[%emt 00:03:52]} c5 {[%clk 01:27:30]} {[%emt 00:01:01]}
11. g4 {[%clk 01:13:25]} {[%emt 00:15:51]} Ne4 {[%clk 01:19:07]} {[%emt
00:08:52]} 12. Qf3 {[%clk 01:01:53]} {[%emt 00:12:02]} Nxc3 {[%clk 01:00:46]}
{[%emt 00:18:50]} 13. bxc3 {[%clk 01:02:10]} {[%emt 00:00:13]} f6 {[%clk
01:01:08]} {[%emt 00:00:09]} 14. Bxh7+ {[%clk 00:27:31]} {[%emt 00:35:09]} Kxh7
{[%clk 01:00:11]} {[%emt 00:01:26]} 15. g5 {[%clk 00:27:48]} {[%emt 00:00:13]}
fxg5 {[%clk 00:48:30]} {[%emt 00:12:11]} 16. Qh3+ {[%clk 00:27:41]} {[%emt
00:00:37]} Kg8 {[%clk 00:48:51]} {[%emt 00:00:08]} 17. Qe6+ {[%clk 00:28:08]}
{[%emt 00:00:04]} Kh7 {[%clk 00:42:15]} {[%emt 00:07:05]} 18. Qh3+ {[%clk
00:24:18]} {[%emt 00:04:21]} Kg8 {[%clk 00:42:19]} {[%emt 00:00:25]} 19. Qe6+
{[%clk 00:24:47]} {[%emt 00:00:02]} Kh7 {[%clk 00:42:36]} {[%emt 00:00:13]} 20.
Rf3 {[%clk 00:24:45]} {[%emt 00:00:32]} g4 {[%clk 00:42:11]} {[%emt 00:00:55]}
21. Qg6+ {[%clk 00:13:53]} {[%emt 00:25:08]} Kg8 {[%clk 00:42:30]} 22. Qe6+
{[%clk 00:08:52]} Kh7 {[%clk 00:42:22]} 23. Qg6+ {[%clk 00:09:15]} Kg8 {[%clk
00:42:38]} 24. Nxg4 {[%clk 00:07:08]} Rf6 {[%clk 00:41:37]} 25. Qh5 {[%clk
00:03:16]} {[%emt 00:01:25]} Nd7 {[%clk 00:41:04]} {[%emt 00:01:01]} 26. Rh3
{[%clk 00:02:47]} {[%emt 00:00:58]} Nf8 {[%clk 00:40:29]} {[%emt 00:01:05]} 27.
Qh8+ {[%clk 00:02:26]} {[%emt 00:00:51]} Kf7 {[%clk 00:40:57]} {[%emt
00:00:02]} 28. Qh5+ {[%clk 00:02:30]} {[%emt 00:00:27]} Ke6 {[%clk 00:39:24]}
{[%emt 00:02:03]} 29. dxc5 {[%clk 00:02:05]} {[%emt 00:00:55]} bxc5 {[%clk
00:39:03]} {[%emt 00:00:50]} 30. Rb1 {[%clk 00:02:11]} {[%emt 00:00:25]} Bc6
{[%clk 00:38:12]} {[%emt 00:01:21]} 31. c4 {[%clk 00:00:49]} {[%emt 00:01:52]}
Rf5 {[%clk 00:34:39]} {[%emt 00:04:02]} 32. Qh8 {[%clk 00:00:52]} {[%emt
00:00:27]} Rf7 {[%clk 00:26:41]} {[%emt 00:08:29]} 33. Bb2 {[%clk 00:00:56]}
{[%emt 00:00:27]} Nd7 {[%clk 00:25:39]} {[%emt 00:01:31]} 34. cxd5+ {[%clk
00:00:49]} {[%emt 00:00:37]} Bxd5 {[%clk 00:25:58]} {[%emt 00:00:11]} 35. Qh5
{[%clk 00:00:56]} {[%emt 00:00:24]} Nf6 {[%clk 00:26:04]} {[%emt 00:00:24]} 36.
Bxf6 {[%clk 00:00:42]} {[%emt 00:00:44]} gxf6 {[%clk 00:26:18]} {[%emt
00:00:14]} 37. Rd1 {[%clk 00:01:04]} {[%emt 00:00:09]} Be4 {[%clk 00:25:35]}
{[%emt 00:01:13]} 38. f5+ {[%clk 00:00:35]} {[%emt 00:01:00]} Ke7 {[%clk
00:23:26]} {[%emt 00:02:38]} 39. Nxf6 {[%clk 00:00:33]} {[%emt 00:00:33]} Bc6
{[%clk 00:15:44]} {[%emt 00:08:10]} 40. Ng4 {[%clk 00:00:34]} {[%emt 00:00:29]}
Qf8 {[%clk 00:09:24]} {[%emt 00:06:50]} 41. Qg6 {[%clk 00:27:38]} {[%emt
00:03:26]} Kd7 {[%clk 00:32:44]} {[%emt 00:07:10]} 42. Rxd6+ {[%clk 00:26:52]}
{[%emt 00:01:17]} Qxd6 {[%clk 00:32:59]} {[%emt 00:00:13]} 43. Qxf7+ {[%clk
00:27:18]} {[%emt 00:00:05]} Qe7 {[%clk 00:33:12]} {[%emt 00:00:17]} 44. Ne5+
{[%clk 00:27:36]} {[%emt 00:00:12]} Kd6 {[%clk 00:33:20]} {[%emt 00:00:23]} 45.
Rh6+ {[%clk 00:27:49]} {[%emt 00:00:16]} 1-0

[Event "ODJM A 2025"]
[Site "Willingen GER"]
[Date "2025.06.14"]
[Round "9"]
[White "Tulchynsky, David"]
[Black "Köhler, Lukas"]
[Result "0-1"]
[Termination "normal"]
[Board "6"]
[WhiteElo "2009"]
[BlackElo "2043"]
[WhiteClock "00:31:49"]
[BlackClock "00:07:51"]
[PlyCount "46"]
[WhiteFideId "16289560"]
[BlackFideId "16221990"]
[EventCountry "GER"]
[EventRounds "9"]
[EventType "swiss"]
[EventDate "2025.06.07"]

1. e4 {[%clk 01:30:30]} {[%emt 00:00:30]} c5 {[%clk 01:30:37]} {[%emt
00:00:17]} 2. Nf3 {[%clk 01:30:52]} {[%emt 00:00:13]} e6 {[%clk 01:30:54]}
{[%emt 00:00:13]} 3. d3 {[%clk 01:31:13]} {[%emt 00:00:09]} Nc6 {[%clk
01:30:26]} {[%emt 00:00:59]} 4. g3 {[%clk 01:31:23]} {[%emt 00:00:18]} d5
{[%clk 01:30:42]} {[%emt 00:00:13]} 5. Nbd2 {[%clk 01:31:41]} {[%emt 00:00:12]}
Nf6 {[%clk 01:30:49]} {[%emt 00:00:23]} 6. Bg2 {[%clk 01:31:59]} {[%emt
00:00:13]} Be7 {[%clk 01:30:47]} {[%emt 00:00:32]} 7. O-O {[%clk 01:32:19]}
{[%emt 00:00:10]} Qc7 {[%clk 01:30:42]} {[%emt 00:00:36]} 8. Re1 {[%clk
01:32:37]} {[%emt 00:00:12]} O-O {[%clk 01:30:07]} {[%emt 00:01:04]} 9. c3
{[%clk 01:30:56]} {[%emt 00:02:12]} b5 {[%clk 01:26:06]} {[%emt 00:04:30]} 10.
d4 {[%clk 01:24:20]} {[%emt 00:07:07]} cxd4 {[%clk 01:12:42]} {[%emt 00:13:53]}
11. Nxd4 {[%clk 01:17:02]} {[%emt 00:07:48]} Nxd4 {[%clk 01:05:32]} {[%emt
00:07:41]} 12. cxd4 {[%clk 01:17:05]} {[%emt 00:00:26]} dxe4 {[%clk 00:59:13]}
{[%emt 00:06:49]} 13. Nxe4 {[%clk 01:17:27]} {[%emt 00:00:09]} Nxe4 {[%clk
00:52:30]} {[%emt 00:07:13]} 14. Bxe4 {[%clk 01:14:31]} {[%emt 00:03:26]} Bb7
{[%clk 00:52:16]} {[%emt 00:00:44]} 15. Bf4 {[%clk 01:14:07]} {[%emt 00:00:53]}
Qd7 {[%clk 00:51:29]} {[%emt 00:01:16]} 16. Bxb7 {[%clk 01:02:22]} {[%emt
00:12:18]} Qxb7 {[%clk 00:51:25]} {[%emt 00:00:32]} 17. Qb3 {[%clk 01:02:37]}
{[%emt 00:00:16]} Rfd8 {[%clk 00:48:34]} {[%emt 00:03:21]} 18. Be5 {[%clk
01:00:46]} {[%emt 00:02:21]} Qd5 {[%clk 00:45:18]} {[%emt 00:03:46]} 19. Qxd5
{[%clk 00:51:30]} {[%emt 00:09:45]} Rxd5 {[%clk 00:44:45]} {[%emt 00:01:04]}
20. Rac1 {[%clk 00:51:11]} {[%emt 00:00:48]} Bb4 {[%clk 00:30:46]} {[%emt
00:14:29]} 21. Re2 {[%clk 00:47:48]} {[%emt 00:03:53]} Ba5 {[%clk 00:28:58]}
{[%emt 00:02:18]} 22. Rc5 {[%clk 00:45:57]} {[%emt 00:02:21]} Rad8 {[%clk
00:08:37]} {[%emt 00:20:52]} 23. Bc7 {[%clk 00:31:49]} {[%emt 00:14:37]} Rxc5
{[%clk 00:07:51]} {[%emt 00:01:17]} 0-1

[Event "ODJM A 2025"]
[Site "Willingen GER"]
[Date "2025.06.14"]
[Round "9"]
[White "Weber, Samuel"]
[Black "Schmidt, Boris"]
[Result "1-0"]
[Termination "normal"]
[Board "7"]
[WhiteTitle "FM"]
[WhiteElo "2262"]
[BlackElo "1930"]
[WhiteClock "00:22:21"]
[BlackClock "01:11:38"]
[PlyCount "89"]
[WhiteFideId "12924008"]
[BlackFideId "16238036"]
[EventCountry "GER"]
[EventRounds "9"]
[EventType "swiss"]
[EventDate "2025.06.07"]

1. e4 {[%clk 01:30:17]} {[%emt 00:00:41]} c6 {[%clk 01:30:55]} {[%emt
00:00:05]} 2. d3 {[%clk 01:30:39]} {[%emt 00:00:10]} d5 {[%clk 01:31:18]}
{[%emt 00:00:07]} 3. Nf3 {[%clk 01:31:04]} {[%emt 00:00:04]} Bg4 {[%clk
01:30:19]} {[%emt 00:01:28]} 4. h3 {[%clk 01:28:07]} {[%emt 00:03:27]} Bxf3
{[%clk 01:29:43]} {[%emt 00:01:07]} 5. Qxf3 {[%clk 01:28:28]} {[%emt 00:00:09]}
e6 {[%clk 01:30:00]} {[%emt 00:00:14]} 6. g3 {[%clk 01:28:51]} {[%emt
00:00:07]} Nd7 {[%clk 01:30:20]} {[%emt 00:00:10]} 7. Bg2 {[%clk 01:27:35]}
{[%emt 00:01:46]} Ngf6 {[%clk 01:30:33]} {[%emt 00:00:16]} 8. O-O {[%clk
01:25:57]} {[%emt 00:02:08]} Be7 {[%clk 01:30:12]} {[%emt 00:00:52]} 9. Nc3
{[%clk 01:25:24]} {[%emt 00:01:02]} O-O {[%clk 01:30:11]} {[%emt 00:00:31]} 10.
Qe2 {[%clk 01:21:48]} {[%emt 00:04:07]} Qb6 {[%clk 01:28:16]} {[%emt 00:02:24]}
11. Kh2 {[%clk 01:17:20]} {[%emt 00:04:58]} d4 {[%clk 01:28:20]} {[%emt
00:00:27]} 12. Nb1 {[%clk 01:17:11]} {[%emt 00:00:38]} Rac8 {[%clk 01:28:12]}
{[%emt 00:00:38]} 13. Nd2 {[%clk 01:17:07]} {[%emt 00:00:35]} Qc7 {[%clk
01:28:29]} {[%emt 00:00:12]} 14. f4 {[%clk 01:16:13]} {[%emt 00:01:24]} Nb6
{[%clk 01:28:03]} {[%emt 00:00:56]} 15. a4 {[%clk 01:14:08]} {[%emt 00:02:35]}
Rfd8 {[%clk 01:27:11]} {[%emt 00:01:22]} 16. Kh1 {[%clk 01:10:47]} {[%emt
00:03:51]} c5 {[%clk 01:26:57]} {[%emt 00:00:44]} 17. b3 {[%clk 01:11:08]}
{[%emt 00:00:10]} g6 {[%clk 01:26:15]} {[%emt 00:01:13]} 18. g4 {[%clk
00:59:27]} {[%emt 00:12:10]} Ne8 {[%clk 01:25:26]} {[%emt 00:01:19]} 19. a5
{[%clk 00:50:27]} {[%emt 00:09:31]} Nd7 {[%clk 01:25:37]} {[%emt 00:00:18]} 20.
Nc4 {[%clk 00:49:05]} {[%emt 00:01:53]} b5 {[%clk 01:26:00]} {[%emt 00:00:07]}
21. axb6 {[%clk 00:49:29]} {[%emt 00:00:06]} axb6 {[%clk 01:26:25]} {[%emt
00:00:05]} 22. Bd2 {[%clk 00:48:52]} {[%emt 00:01:07]} Ng7 {[%clk 01:26:20]}
{[%emt 00:00:34]} 23. e5 {[%clk 00:44:23]} {[%emt 00:04:59]} Rf8 {[%clk
01:25:30]} {[%emt 00:01:21]} 24. Na3 {[%clk 00:40:39]} {[%emt 00:04:14]} f6
{[%clk 01:20:05]} {[%emt 00:05:54]} 25. Nb5 {[%clk 00:39:49]} {[%emt 00:01:20]}
Qd8 {[%clk 01:20:29]} {[%emt 00:00:07]} 26. Na7 {[%clk 00:38:36]} {[%emt
00:01:42]} Rc7 {[%clk 01:19:19]} {[%emt 00:01:41]} 27. Nc6 {[%clk 00:37:07]}
{[%emt 00:01:58]} Qe8 {[%clk 01:19:29]} {[%emt 00:00:21]} 28. Ra8 {[%clk
00:35:05]} {[%emt 00:02:31]} Qf7 {[%clk 01:19:56]} {[%emt 00:00:04]} 29. Nxe7+
{[%clk 00:33:07]} {[%emt 00:02:27]} Qxe7 {[%clk 01:20:21]} {[%emt 00:00:05]}
30. Rxf8+ {[%clk 00:29:40]} {[%emt 00:03:57]} Qxf8 {[%clk 01:20:30]} {[%emt
00:00:21]} 31. Ra1 {[%clk 00:29:31]} {[%emt 00:00:40]} f5 {[%clk 01:18:13]}
{[%emt 00:02:46]} 32. g5 {[%clk 00:29:35]} {[%emt 00:00:27]} Nh5 {[%clk
01:17:59]} {[%emt 00:00:43]} 33. Kh2 {[%clk 00:29:26]} {[%emt 00:00:39]} Kf7
{[%clk 01:18:10]} {[%emt 00:00:19]} 34. Bf3 {[%clk 00:29:13]} {[%emt 00:00:43]}
Ng7 {[%clk 01:18:13]} {[%emt 00:00:27]} 35. Qg2 {[%clk 00:29:08]} {[%emt
00:00:35]} Ke7 {[%clk 01:17:00]} {[%emt 00:01:43]} 36. Ra6 {[%clk 00:28:20]}
{[%emt 00:01:18]} Qd8 {[%clk 01:15:17]} {[%emt 00:02:14]} 37. b4 {[%clk
00:26:48]} {[%emt 00:02:02]} Ne8 {[%clk 01:15:06]} {[%emt 00:00:42]} 38. bxc5
{[%clk 00:27:04]} {[%emt 00:00:12]} Nxc5 {[%clk 01:12:07]} {[%emt 00:03:30]}
39. Rxb6 {[%clk 00:26:02]} {[%emt 00:01:32]} Ra7 {[%clk 01:10:58]} {[%emt
00:01:38]} 40. Rb5 {[%clk 00:25:33]} {[%emt 00:00:59]} Nd7 {[%clk 01:11:00]}
{[%emt 00:00:29]} 41. Rb4 {[%clk 00:22:48]} {[%emt 00:03:14]} Nb8 {[%clk
01:11:01]} {[%emt 00:00:29]} 42. Qg1 {[%clk 00:22:19]} {[%emt 00:00:59]} Rd7
{[%clk 01:11:07]} {[%emt 00:00:24]} 43. Qb1 {[%clk 00:21:54]} {[%emt 00:00:55]}
Na6 {[%clk 01:11:22]} {[%emt 00:00:14]} 44. Rb6 {[%clk 00:22:02]} {[%emt
00:00:22]} Nac7 {[%clk 01:11:38]} {[%emt 00:00:15]} 45. Rb8 {[%clk 00:22:21]}
{[%emt 00:00:10]} 1-0

[Event "ODJM A 2025"]
[Site "Willingen GER"]
[Date "2025.06.14"]
[Round "9"]
[White "Ruddat, Jarne"]
[Black "Hofmann, Lorenz"]
[Result "1/2-1/2"]
[Termination "normal"]
[Board "8"]
[WhiteElo "1925"]
[BlackElo "2104"]
[WhiteClock "00:36:22"]
[BlackClock "00:55:21"]
[PlyCount "56"]
[WhiteFideId "16254236"]
[BlackFideId "12995509"]
[EventCountry "GER"]
[EventRounds "9"]
[EventType "swiss"]
[EventDate "2025.06.07"]

1. d4 {[%clk 01:30:57]} {[%emt 00:00:02]} Nf6 {[%clk 01:30:56]} {[%emt
00:00:05]} 2. c4 {[%clk 01:31:23]} {[%emt 00:00:04]} b6 {[%clk 01:31:23]}
{[%emt 00:00:04]} 3. f3 {[%clk 01:31:48]} {[%emt 00:00:05]} Nc6 {[%clk
01:29:33]} {[%emt 00:02:20]} 4. e4 {[%clk 01:29:26]} {[%emt 00:02:51]} e5
{[%clk 01:29:59]} {[%emt 00:00:03]} 5. Ne2 {[%clk 01:21:02]} {[%emt 00:08:54]}
exd4 {[%clk 01:30:25]} {[%emt 00:00:05]} 6. Nxd4 {[%clk 01:20:15]} {[%emt
00:01:17]} Nxd4 {[%clk 01:22:09]} {[%emt 00:08:46]} 7. Qxd4 {[%clk 01:20:39]}
{[%emt 00:00:06]} Bc5 {[%clk 01:22:22]} {[%emt 00:00:18]} 8. Qe5+ {[%clk
01:09:31]} {[%emt 00:11:37]} Qe7 {[%clk 01:17:42]} {[%emt 00:05:10]} 9. Qxe7+
{[%clk 01:07:30]} {[%emt 00:02:31]} Kxe7 {[%clk 01:14:48]} {[%emt 00:03:23]}
10. Nd2 {[%clk 01:04:14]} {[%emt 00:03:46]} Re8 {[%clk 01:10:59]} {[%emt
00:04:19]} 11. Nb3 {[%clk 01:02:21]} {[%emt 00:02:23]} Bb4+ {[%clk 01:09:33]}
{[%emt 00:01:57]} 12. Bd2 {[%clk 01:01:33]} {[%emt 00:01:18]} Bxd2+ {[%clk
01:09:59]} {[%emt 00:00:04]} 13. Kxd2 {[%clk 01:01:56]} {[%emt 00:00:07]} c6
{[%clk 01:06:31]} {[%emt 00:03:58]} 14. Bd3 {[%clk 00:53:41]} {[%emt 00:08:45]}
Nh5 {[%clk 01:04:41]} {[%emt 00:02:20]} 15. g3 {[%clk 00:49:38]} {[%emt
00:04:33]} g6 {[%clk 01:04:47]} {[%emt 00:00:23]} 16. Nd4 {[%clk 00:48:14]}
{[%emt 00:01:54]} Ng7 {[%clk 01:04:01]} {[%emt 00:01:16]} 17. Rhe1 {[%clk
00:47:45]} {[%emt 00:01:00]} Bb7 {[%clk 01:01:30]} {[%emt 00:03:00]} 18. f4
{[%clk 00:43:55]} {[%emt 00:04:20]} Ne6 {[%clk 00:56:46]} {[%emt 00:05:15]} 19.
Nxe6 {[%clk 00:43:15]} {[%emt 00:01:10]} dxe6 {[%clk 00:56:50]} {[%emt
00:00:25]} 20. e5 {[%clk 00:42:10]} {[%emt 00:01:36]} c5 {[%clk 00:56:55]}
{[%emt 00:00:25]} 21. Be4 {[%clk 00:42:04]} {[%emt 00:00:37]} Rad8+ {[%clk
00:56:48]} {[%emt 00:00:35]} 22. Kc2 {[%clk 00:42:00]} {[%emt 00:00:34]} Bxe4+
{[%clk 00:56:18]} {[%emt 00:01:01]} 23. Rxe4 {[%clk 00:42:25]} {[%emt
00:00:05]} Rd7 {[%clk 00:56:44]} {[%emt 00:00:03]} 24. Rd1 {[%clk 00:42:10]}
{[%emt 00:00:45]} Rxd1 {[%clk 00:57:09]} {[%emt 00:00:05]} 25. Kxd1 {[%clk
00:42:39]} {[%emt 00:00:01]} Rd8+ {[%clk 00:57:33]} {[%emt 00:00:07]} 26. Ke2
{[%clk 00:39:56]} {[%emt 00:03:13]} h6 {[%clk 00:56:04]} {[%emt 00:01:58]} 27.
Re3 {[%clk 00:37:21]} {[%emt 00:03:05]} Rd4 {[%clk 00:56:22]} {[%emt 00:00:13]}
28. b3 {[%clk 00:36:22]} {[%emt 00:01:28]} h5 {[%clk 00:55:21]} {[%emt
00:01:31]} 1/2-1/2

[Event "ODJM A 2025"]
[Site "Willingen GER"]
[Date "2025.06.14"]
[Round "9"]
[White "Winkler, Yonathan"]
[Black "Martin Fernandez, Rafael"]
[Result "1/2-1/2"]
[Termination "normal"]
[Board "9"]
[WhiteElo "2201"]
[BlackElo "1965"]
[WhiteClock "00:40:22"]
[BlackClock "00:15:04"]
[PlyCount "82"]
[WhiteFideId "16266080"]
[BlackFideId "34605550"]
[EventCountry "GER"]
[EventRounds "9"]
[EventType "swiss"]
[EventDate "2025.06.07"]

1. e4 {[%clk 01:30:58]} {[%emt 00:00:01]} c5 {[%clk 01:30:52]} {[%emt
00:00:08]} 2. Nf3 {[%clk 01:31:22]} {[%emt 00:00:06]} d6 {[%clk 01:31:17]}
{[%emt 00:00:05]} 3. d4 {[%clk 01:31:35]} {[%emt 00:00:11]} cxd4 {[%clk
01:31:44]} {[%emt 00:00:09]} 4. Nxd4 {[%clk 01:31:57]} {[%emt 00:00:07]} Nf6
{[%clk 01:32:10]} {[%emt 00:00:05]} 5. Nc3 {[%clk 01:32:20]} {[%emt 00:00:06]}
a6 {[%clk 01:32:37]} {[%emt 00:00:03]} 6. h3 {[%clk 01:32:14]} {[%emt
00:00:36]} e6 {[%clk 01:32:58]} {[%emt 00:00:09]} 7. g4 {[%clk 01:32:30]}
{[%emt 00:00:13]} h6 {[%clk 01:33:25]} {[%emt 00:00:04]} 8. Bg2 {[%clk
01:32:54]} {[%emt 00:00:06]} g5 {[%clk 01:33:43]} {[%emt 00:00:12]} 9. Be3
{[%clk 01:31:38]} {[%emt 00:01:45]} Nbd7 {[%clk 01:32:55]} {[%emt 00:01:19]}
10. Qe2 {[%clk 01:28:24]} {[%emt 00:03:44]} Ne5 {[%clk 01:32:56]} {[%emt
00:00:29]} 11. f4 {[%clk 01:26:16]} {[%emt 00:02:37]} gxf4 12. Bxf4 {[%clk
01:26:44]} Nfd7 {[%clk 01:33:12]} {[%emt 00:00:19]} 13. h4 {[%clk 01:13:10]}
{[%emt 00:14:05]} Rg8 {[%clk 01:30:12]} {[%emt 00:03:30]} 14. g5 {[%clk
01:12:05]} {[%emt 00:01:35]} hxg5 {[%clk 01:25:43]} {[%emt 00:04:58]} 15. Bxg5
{[%clk 01:11:51]} {[%emt 00:00:45]} Be7 {[%clk 01:23:16]} {[%emt 00:02:55]} 16.
Bxe7 {[%clk 01:10:23]} {[%emt 00:02:00]} Qxe7 {[%clk 01:22:27]} {[%emt
00:01:19]} 17. O-O-O {[%clk 01:10:13]} {[%emt 00:00:39]} b5 {[%clk 01:18:29]}
{[%emt 00:04:27]} 18. Qf2 {[%clk 01:02:24]} {[%emt 00:08:20]} Rb8 {[%clk
01:12:37]} {[%emt 00:06:22]} 19. Rhf1 {[%clk 00:55:54]} {[%emt 00:07:00]} Bb7
{[%clk 01:07:57]} {[%emt 00:05:11]} 20. Ndxb5 {[%clk 00:49:55]} {[%emt
00:06:29]} axb5 {[%clk 01:07:38]} {[%emt 00:00:49]} 21. Nxb5 {[%clk 00:50:24]}
{[%emt 00:00:01]} Bxe4 {[%clk 00:55:55]} {[%emt 00:12:12]} 22. Nxd6+ {[%clk
00:39:32]} {[%emt 00:11:23]} Qxd6 {[%clk 00:53:26]} {[%emt 00:02:58]} 23. Bxe4
{[%clk 00:40:00]} {[%emt 00:00:01]} Qb4 {[%clk 00:49:19]} {[%emt 00:04:38]} 24.
Qd4 {[%clk 00:39:40]} {[%emt 00:00:51]} Rg4 {[%clk 00:47:30]} {[%emt 00:02:18]}
25. Qxb4 {[%clk 00:39:37]} {[%emt 00:00:34]} Rxb4 {[%clk 00:47:52]} {[%emt
00:00:08]} 26. Bh1 {[%clk 00:39:44]} {[%emt 00:00:21]} Rxh4 {[%clk 00:47:58]}
{[%emt 00:00:25]} 27. b3 {[%clk 00:40:06]} {[%emt 00:00:08]} Ke7 {[%clk
00:41:58]} {[%emt 00:06:33]} 28. a4 {[%clk 00:40:29]} {[%emt 00:00:04]} Nc5
{[%clk 00:40:57]} {[%emt 00:01:31]} 29. Rfe1 {[%clk 00:40:20]} {[%emt
00:00:37]} f6 {[%clk 00:39:33]} {[%emt 00:01:55]} 30. Re3 {[%clk 00:40:46]}
{[%emt 00:00:04]} Rh2 {[%clk 00:37:19]} {[%emt 00:02:45]} 31. Rc3 {[%clk
00:40:42]} {[%emt 00:00:34]} Ned3+ {[%clk 00:30:49]} {[%emt 00:27:09]} 32. Kb1
{[%clk 00:39:41]} Nf2 {[%clk 00:30:17]} 33. Rg1 {[%clk 00:39:44]} Nxa4 {[%clk
00:28:51]} 34. Rc7+ {[%clk 00:39:17]} Kd8 {[%clk 00:26:49]} 35. Rgg7 {[%clk
00:39:46]} Rxh1+ {[%clk 00:26:46]} 36. Ka2 {[%clk 00:40:10]} Nb6 {[%clk
00:25:12]} 37. Rb7 {[%clk 00:40:35]} Rg4 {[%clk 00:19:05]} 38. Rgf7 {[%clk
00:39:45]} Kc8 {[%clk 00:17:53]} {[%emt 00:00:43]} 39. Rfc7+ {[%clk 00:40:07]}
{[%emt 00:00:12]} Kd8 {[%clk 00:18:15]} {[%emt 00:00:07]} 40. Rf7 {[%clk
00:40:33]} {[%emt 00:00:02]} Kc8 {[%clk 00:15:04]} {[%emt 00:03:41]} 41. Rfc7+
{[%clk 00:40:22]} {[%emt 00:00:41]} Kd8 {[%emt 00:00:28]} 1/2-1/2

[Event "ODJM A 2025"]
[Site "Willingen GER"]
[Date "2025.06.14"]
[Round "9"]
[White "Ellinger, Maximilian"]
[Black "Melde, Benjamin"]
[Result "1/2-1/2"]
[Termination "normal"]
[Board "10"]
[WhiteElo "2039"]
[BlackElo "2065"]
[WhiteClock "00:14:10"]
[BlackClock "00:31:25"]
[PlyCount "47"]
[WhiteFideId "34631003"]
[BlackFideId "12958816"]
[EventCountry "GER"]
[EventRounds "9"]
[EventType "swiss"]
[EventDate "2025.06.07"]

1. e4 {[%clk 01:30:58]} {[%emt 00:00:02]} c5 {[%clk 01:30:23]} {[%emt
00:00:25]} 2. c3 {[%clk 01:31:22]} {[%emt 00:00:18]} d5 {[%clk 01:30:47]}
{[%emt 00:00:06]} 3. exd5 {[%clk 01:31:41]} {[%emt 00:00:10]} Qxd5 {[%clk
01:31:15]} {[%emt 00:00:02]} 4. d4 {[%clk 01:32:01]} {[%emt 00:00:11]} e6
{[%clk 01:31:39]} {[%emt 00:00:06]} 5. Nf3 {[%clk 01:32:19]} {[%emt 00:00:11]}
Nf6 {[%clk 01:32:02]} {[%emt 00:00:07]} 6. Na3 {[%clk 01:32:34]} {[%emt
00:00:16]} Nc6 {[%clk 01:32:24]} {[%emt 00:00:08]} 7. Be3 {[%clk 01:32:53]}
{[%emt 00:00:10]} Be7 {[%clk 01:28:59]} {[%emt 00:03:56]} 8. Nb5 {[%emt
00:14:28]} Qd8 {[%clk 01:26:25]} {[%emt 00:03:00]} 9. dxc5 {[%clk 01:14:17]}
{[%emt 00:05:12]} O-O {[%clk 01:26:47]} {[%emt 00:00:08]} 10. Nbd4 {[%clk
01:06:14]} {[%emt 00:08:33]} Ne4 {[%clk 01:02:13]} {[%emt 00:25:04]} 11. Nxc6
{[%clk 01:03:22]} {[%emt 00:03:22]} bxc6 {[%clk 01:00:57]} {[%emt 00:01:46]}
12. Qxd8 {[%clk 00:58:40]} {[%emt 00:05:11]} Rxd8 {[%clk 01:00:27]} {[%emt
00:01:01]} 13. Ne5 {[%clk 00:51:17]} {[%emt 00:07:53]} Bxc5 {[%clk 00:55:35]}
{[%emt 00:05:22]} 14. Bxc5 {[%clk 00:48:15]} {[%emt 00:03:32]} Nxc5 {[%clk
00:55:14]} {[%emt 00:00:51]} 15. Nxc6 {[%clk 00:46:12]} {[%emt 00:02:32]} Rd6
{[%clk 00:55:27]} {[%emt 00:00:17]} 16. Rd1 {[%clk 00:34:59]} {[%emt 00:11:43]}
Rxd1+ {[%clk 00:53:34]} {[%emt 00:02:24]} 17. Kxd1 {[%clk 00:34:56]} {[%emt
00:00:34]} Bb7 {[%clk 00:51:57]} {[%emt 00:02:07]} 18. Ne5 {[%clk 00:30:46]}
{[%emt 00:04:38]} Rd8+ {[%clk 00:51:24]} {[%emt 00:01:03]} 19. Kc2 {[%clk
00:25:54]} {[%emt 00:05:24]} Bd5 {[%clk 00:38:25]} {[%emt 00:13:29]} 20. b3
{[%clk 00:23:42]} {[%emt 00:24:55]} f6 {[%clk 00:34:41]} 21. Nc4 {[%clk
00:20:56]} Be4+ {[%clk 00:32:34]} 22. Kc1 {[%clk 00:20:34]} Nd3+ {[%clk
00:31:06]} 23. Bxd3 Rxd3 {[%clk 00:31:25]} 24. Kb2 {[%clk 00:14:10]} 1/2-1/2